[Event "Chateauroux op 15th"]
[Site "Chateauroux"]
[Date "2014.10.28"]
[Round "5"]
[White "Palomar, Felix"]
[Black "Claudon, Andreas"]
[Result "1-0"]
[WhiteElo "1726"]
[BlackElo "1479"]
[PlyCount "153"]
[EventDate "2014.10.25"]
[EventType "swiss"]
[EventRounds "7"]
[EventCountry "FRA"]
[SourceTitle "EXT 2015"]
[Source "ChessBase"]
[SourceDate "2014.11.20"]
[SourceVersion "1"]
[SourceVersionDate "2014.11.20"]
[SourceQuality "1"]

1. e4 e5 2. Nf3 Nc6 3. Bc4 d6 4. d4 Bg4 5. dxe5 Nxe5 6. Be2 Be6 7. Nc3 Nf6 8. h3 Be7 9. Be3 Nc6 10. Qd2 Qd7 11. 0-0-0 0-0-0 12. Kb1 Kb8 13. Nd4 a6 14. f4 Nxd4 15. Qxd4 c5 16. Qd2 Qc6 17. f5 Bc8 18. Bf3 Qc7 19. g4 h6 20. h4 b5 21. g5 hxg5 22. hxg5 Rxh1 23. Rxh1 Ne8 24. Nd5 Qb7 25. Rh7 Bf8 26. f6 Be6 27. Qa5 Rd7 28. Rh8 Bxd5 29. exd5 gxf6 30. Rxf8 Re7 31. Bf4 Qc7 32. Qxc7+ Kxc7 33. b3 fxg5 34. Bxg5 Re5 35. Rxf7+ Kc8 36. Bf4 Re1+ 37. Kb2 Rg1 38. Bd2 b4 39. Ra7 Nc7 40. Be2 Rg2 41. Bxa6+ Nxa6 42. Rxa6 Rxd2 43. Rxd6 Kb7 44. Kc1 Rd4 45. c4 bxc3 46. a4 Rb4 47. Kc2 c4 48. bxc4 Rxc4 49. a5 Rc5 50. Rb6+ Ka7 51. Rd6 Rxa5 52. Kxc3 Kb7 53. Kd4 Kc7 54. Rh6 Kd7 55. Ke5 Rb5 56. Rh7+ Kd8 57. Ke6 Rb1 58. Rg7 Rb2 59. Rg8+ Kc7 60. d6+ Kb7 61. Kd7 Rd2 62. Rg4 Rb2 63. Rd4 Rb5 64. Ke7 Rc5 65. d7 Rc7 66. Ke8 Rc1 67. d8Q Re1+ 68. Kd7 Rb1 69. Qc8+ Kb6 70. Rd6+ Ka5 71. Qa6+ Kb4 72. Qb6+ Kc3 73. Qxb1 Kc4 74. Qc1+ Kb5 75. Rd2 Ka4 76. Rb2 Ka3 77. Qa1# 1-0

[Event "Avoine op 25th"]
[Site "Avoine"]
[Date "2010.07.20"]
[Round "4"]
[White "Smith, Matthieu"]
[Black "Palomar, Felix"]
[Result "1-0"]
[WhiteElo "2026"]
[BlackElo "1818"]
[PlyCount "111"]
[EventDate "2010.07.17"]
[EventType "swiss"]
[EventRounds "9"]
[EventCountry "FRA"]
[SourceTitle "EXT 2011"]
[Source "ChessBase"]
[SourceDate "2010.11.26"]
[SourceVersion "1"]
[SourceVersionDate "2010.11.26"]
[SourceQuality "1"]

1. d4 d5 2. Nf3 e6 3. c4 c5 4. cxd5 exd5 5. e3 Nc6 6. Nc3 Nf6 7. Ne5 a6 8. Be2 Bd6 9. Nxc6 bxc6 10. 0-0 0-0 11. dxc5 Bxc5 12. Na4 Bd6 13. Qc2 Qc7 14. g3 Ne4 15. Nc3 Nf6 16. Bf3 Re8 17. b3 h5 18. Bb2 Bg4 19. Bg2 Qc8 20. e4 Bh3 21. Na4 Bxg2 22. Kxg2 Qe6 23. Bxf6 Qxf6 24. exd5 cxd5 25. Rad1 d4 26. Rd3 Rac8 27. Qd1 Be5 28. Nb2 Qc6+ 29. Kg1 Qc2 30. Rd2 Qxd1 31. Rfxd1 Bf6 32. Nc4 Re6 33. Kg2 g6 34. Kf3 Rc5 35. Kg2 Rb5 36. Kf1 Rb8 37. Re2 Rbe8 38. Rxe6 Rxe6 39. Re1 Kf8 40. Rxe6 fxe6 41. Ke2 Ke7 42. f4 Kd7 43. Kd3 Kc6 44. Ke4 Kc5 45. a3 g5 46. h3 gxf4 47. gxf4 Bg7 48. Nd2 a5 49. Nf1 Kd6 50. Ng3 h4 51. Ne2 e5 52. fxe5+ Bxe5 53. Nxd4 Bg3 54. Nf5+ Kc5 55. Nxg3 hxg3 56. Kf3 1-0

[Event "Avoine op 23rd"]
[Site "Avoine"]
[Date "2008.07.25"]
[Round "7"]
[White "Picart, Laurent"]
[Black "Palomar, Felix"]
[Result "1-0"]
[WhiteElo "2105"]
[BlackElo "1878"]
[PlyCount "45"]
[EventDate "2008.07.19"]
[EventType "swiss"]
[EventRounds "9"]
[EventCountry "FRA"]
[SourceTitle "CBM 125 Extra"]
[Source "ChessBase"]
[SourceDate "2008.09.01"]
[SourceVersion "1"]
[SourceVersionDate "2008.09.01"]
[SourceQuality "1"]

1. d4 d5 2. c4 e6 3. Nc3 c5 4. cxd5 exd5 5. Nf3 Nc6 6. g3 Nf6 7. Bg2 Be7 8. 0-0 0-0 9. Bg5 cxd4 10. Nxd4 h6 11. Be3 Re8 12. Qb3 Na5 13. Qc2 Bf8 14. Rad1 Bg4 15. h3 Be6 16. Nxe6 fxe6 17. Qg6 Kh8 18. Bc1 Nc6 19. f4 Qe7 20. g4 Rad8 21. g5 Ng8 22. e4 d4 23. e5 1-0

[Event "Chateauroux op"]
[Site "Chateauroux"]
[Date "2005.11.12"]
[Round "3"]
[White "Maleki, Manuel"]
[Black "Palomar, Felix"]
[Result "0-1"]
[WhiteElo "1840"]
[BlackElo "2118"]
[PlyCount "124"]
[EventDate "2005.10.30"]
[EventType "swiss"]
[EventRounds "7"]
[EventCountry "FRA"]
[SourceTitle "EXT 2007"]
[Source "ChessBase"]
[SourceDate "2006.11.23"]
[SourceVersion "1"]
[SourceVersionDate "2006.11.23"]
[SourceQuality "1"]

1. Nf3 d5 2. d4 e6 3. c4 c5 4. cxd5 exd5 5. Nc3 Nc6 6. g3 Nf6 7. Bg2 Be7 8. 0-0 0-0 9. dxc5 Bxc5 10. a3 a6 11. b4 Ba7 12. Bb2 Bg4 13. Rc1 Re8 14. Na4 Ne4 15. Nc3 Nxc3 16. Bxc3 d4 17. Ba1 Qd7 18. Rc2 Rad8 19. Rd2 Qe7 20. h3 Bh5 21. g4 Bg6 22. Nxd4 Nxd4 23. Bxd4 Bxd4 24. Rxd4 Rxd4 25. Qxd4 Qxe2 26. Bxb7 Bd3 27. Rc1 h6 28. Bg2 Bb5 29. Qd1 Qxd1+ 30. Rxd1 Re2 31. Bf1 Ra2 32. Bxb5 axb5 33. Rd3 Kf8 34. Re3 g6 35. Kg2 Kg7 36. Kg3 Kf6 37. f4 Ra1 38. Kf2 Ra2+ 39. Kf3 Rh2 40. Kg3 Ra2 41. h4 Ra1 42. g5+ Kg7 43. Rf3 h5 44. Kf2 Ra2+ 45. Ke3 Rxa3+ 46. Ke4 Ra1 47. Kd4 Rc1 48. Rc3 Rf1 49. Kc5 Rxf4 50. Kxb5 Rxh4 51. Kc5 Rg4 52. b5 Rxg5+ 53. Kc6 Rg1 54. b6 Rb1 55. b7 h4 56. Kc7 g5 57. b8Q Rxb8 58. Kxb8 g4 59. Rc1 h3 60. Kc7 g3 61. Kd6 h2 62. Ke5 g2 0-1

[Event "Fouesnant op 07th"]
[Site "Fouesnant"]
[Date "2001.10.28"]
[Round "2.13"]
[White "Delaire, Eric"]
[Black "Palomar, Felix"]
[Result "1-0"]
[WhiteElo "1900"]
[BlackElo "1800"]
[PlyCount "103"]
[EventDate "2001.10.27"]
[EventType "swiss"]
[EventRounds "7"]
[EventCountry "FRA"]
[SourceTitle "EXT 2003"]
[Source "ChessBase"]
[SourceDate "2002.11.25"]
[SourceVersion "1"]
[SourceVersionDate "2002.11.25"]
[SourceQuality "1"]

1. e4 e5 2. Nf3 Nc6 3. Bb5 Nf6 4. 0-0 d6 5. d4 exd4 6. Nxd4 Bd7 7. Nxc6 bxc6 8. Bd3 Be7 9. Nc3 0-0 10. Bd2 Re8 11. h3 Rb8 12. Rb1 c5 13. Nd5 Nxd5 14. exd5 Bf6 15. b3 c6 16. Bc4 cxd5 17. Bxd5 Bf5 18. Bf4 Rb4 19. Bc4 Be5 20. Bxe5 dxe5 21. Qf3 Be6 22. Bxe6 Rxe6 23. Rbd1 Rd4 24. c3 e4 25. Qe2 Rd3 26. Rfe1 g6 27. Kf1 Red6 28. Rxd3 exd3 29. Qe8+ Qxe8 30. Rxe8+ Kg7 31. Ke1 d2+ 32. Kd1 Rf6 33. Re2 c4 34. Rxd2 cxb3 35. axb3 Rc6 36. Kc2 a6 37. b4 Rb6 38. Kb3 a5 39. Ra2 axb4 40. cxb4 Kf6 41. Re2 h5 42. Kc4 Rc6+ 43. Kd5 Rc1 44. b5 Rb1 45. Kc6 Rc1+ 46. Kb7 Rb1 47. b6 Rb3 48. Kc7 Rc3+ 49. Kb8 Rb3 50. b7 Rb1 51. Rc2 Re1 52. Ka7 1-0